El proceso (Record no. 871)

MARC details
000 -LEADER
campo de control de longitud fija 00970nam a2200277Ia 4500
003 - IDENTIFICADOR DE NÚMERO DE CONTROL
campo de control CO-BoRNBP
005 - FECHA Y HORA DE LA ÚLTIMA TRANSACCIÓN
campo de control 20231003165918.0
008 - DATOS DE LONGITUD FIJA--INFORMACIÓN GENERAL
campo de control de longitud fija 141031s9999 xx 000 0 und d
020 ## - NÚMERO INTERNACIONAL ESTÁNDAR DEL LIBRO
Número Internacional Estándar del Libro 9789583024412
040 ## - FUENTE DE CATALOGACIÓN
Centro catalogador/agencia de origen CO-BoRNBP
Lengua de catalogación spa
Normas de descripción rda
Centro/agencia transcriptor CO-BoRNBP
082 04 - NÚMERO DE LA CLASIFICACIÓN DECIMAL DEWEY
Número de edición 22
Número de clasificación 891.863 K11pr
100 10 - ENTRADA PRINCIPAL--NOMBRE DE PERSONA
Nombre de persona Kafka, Franz
Fechas asociadas al nombre 1883-1924
9 (RLIN) 10161
245 13 - MENCIÓN DEL TÍTULO
Título El proceso
Mención de responsabilidad, etc. Franz Kafka ; traducción Sergio Lleras Restrepo ; prólogo Selnich Vivas Hurtado ; ilustraciones Marcela Medina
250 ## - MENCION DE EDICION
Mención de edición 2a ed., 2a reimpr.
264 ## - PRODUCCIÓN, PUBLICACIÓN, DISTRIBUCIÓN, FABRICACIÓN Y COPYRIGHT
Producción, publicación, distribución, fabricación y copyright Bogotá
Nombre del de productor, editor, distribuidor, fabricante Panamericana
Fecha de producción, publicación, distribución, fabricación o copyright 2013
300 ## - DESCRIPCIÓN FÍSICA
Extensión 317 páginas
Dimensiones 23 cm.
336 ## - TIPO DE CONTENIDO
Término de tipo de contenido texto
Código de tipo de contenido txt
Fuente rdacontent
337 ## - TIPO DE MEDIO
Nombre/término del tipo de medio sin mediación
Código del tipo de medio n
Fuente rdamedia
338 ## - TIPO DE SOPORTE
Nombre/término del tipo de soporte volumen
Código del tipo de soporte nc
Fuente rdacarrier
534 ## - NOTA SOBRE LA VERSIÓN ORIGINAL
Mención de título del original Der prozeb
650 14 - PUNTO DE ACCESO ADICIONAL DE MATERIA--TÉRMINO DE MATERIA
Término de materia o nombre geográfico como elemento de entrada Existencialismo en la literatura
Fuente del encabezamiento o término LEMB
9 (RLIN) 10162
650 14 - PUNTO DE ACCESO ADICIONAL DE MATERIA--TÉRMINO DE MATERIA
Término de materia o nombre geográfico como elemento de entrada Literatura checoslovaca
Fuente del encabezamiento o término LEMB
9 (RLIN) 10163
650 14 - PUNTO DE ACCESO ADICIONAL DE MATERIA--TÉRMINO DE MATERIA
Término de materia o nombre geográfico como elemento de entrada Novela checoslovaca
Fuente del encabezamiento o término LEMB
9 (RLIN) 10164
650 14 - PUNTO DE ACCESO ADICIONAL DE MATERIA--TÉRMINO DE MATERIA
Término de materia o nombre geográfico como elemento de entrada Autores checoslovacos
Fuente del encabezamiento o término LEMB
9 (RLIN) 10165
942 ## - ELEMENTOS DE ENTRADA SECUNDARIOS (KOHA)
Fuente del sistema de clasificación o colocación Clasificación Decimal Dewey
Tipo de ítem Koha Libros
Holdings
Estatus retirado Estado de pérdida Fuente del sistema de clasificación o colocación Estado de daño No para préstamo Biblioteca de origen Biblioteca actual Fecha de adquisición Total de préstamos Signatura topográfica completa Código de barras Visto por última vez Copia número Precio de reemplazo Tipo de ítem Koha Total de renovaciones Fecha del último préstamo
    Clasificación Decimal Dewey     BIBLIOTECA PÚBLICA MUNICIPAL RAMON CORREA MEJIA BIBLIOTECA PÚBLICA MUNICIPAL RAMON CORREA MEJIA 03/10/2023   891.863 K11pr 33555 03/10/2023 Ej.1 03/10/2023 Libros    
    Clasificación Decimal Dewey     BIBLIOTECA PÚBLICA MUNICIPAL RAMON CORREA MEJIA BIBLIOTECA PÚBLICA MUNICIPAL RAMON CORREA MEJIA 03/10/2023 2 891.863 K11pr 43424 04/12/2024 Ej.2 03/10/2023 Libros 1 05/11/2024

Powered by Koha